[Event "Enghien les Bains 3rd"]
[Site "Enghien les Bains"]
[Date "1999.03.07"]
[Round "5"]
[White "Bauer, Christian"]
[Black "Sadler, Matthew D"]
[Result "1/2-1/2"]
[WhiteElo "2528"]
[BlackElo "2667"]
[Annotator "Ribli,Z"]
[PlyCount "279"]
[EventDate "1999.03.03"]
[EventType "tourn"]
[EventRounds "9"]
[EventCountry "FRA"]
[EventCategory "15"]
[SourceTitle "CBM 070"]
[Source "ChessBase"]
[SourceDate "1999.06.08"]
[SourceVersion "1"]
[SourceVersionDate "1999.06.08"]
[SourceQuality "1"]

{[%mdl 4128]} 1. e4 c5 2. Nc3 e6 3. Nf3 a6 4. d4 cxd4 5. Nxd4 Qc7 6. Be2 {
Eine genügsame Fortsetzung. Der prinzipielle Zug wäre 6.Bd3.} b5 7. O-O Bb7 8.
Re1 Be7 (8... Nf6 9. Bf3 d6 10. Bf4 e5 11. Bg3 Nbd7 12. Nf5 b4 13. Nd5 Bxd5 14.
exd5 g6 15. Nd4 Bg7 16. Nc6 O-O 17. Qd2 a5 18. a3 {1-0 Waitzkin,J-Forster,R/
Mermaid Beach Club, Bermuda 1999 (31)}) 9. Bf3 {Der Laufer steht auf f3 ein
wenig unnatürlich.} d6 10. a4 {Gewöhnlich spielt Weiß in der Sizilianischen
Verteidigung am Koenigsfluegel, aber in den Varianten mit frühem ...b7-b5 muß
Schwarz immer mit dieser Fortsetzung rechnen.} bxa4 (10... b4 11. Na2 (11. Nd5
$5) 11... Nf6 12. Nxb4 d5 13. Nxd5 exd5 14. exd5 O-O 15. Nf5 Bd6 16. Nxd6 Qxd6
17. c4 {1/2-1/2 Kosanovic,G-Rajkovic,D/Belgrade 1988/TD (35)}) 11. e5 {Weiß
strebt Vereinfachungen an, möchte so viele Figuren wie möglich tauschen.} (11.
Nxa4 Nf6 12. Ra3 O-O 13. Rc3 Qa5 14. Rb3 Nc6 15. Rxb7 Nxd4 16. Nc3 Nxf3+ 17.
Qxf3 Qd8 {1/2-1/2 Pietzsch,W-Darga,K/Lugano 1968/MCD (25)}) (11. Bh5 g6 12. Be2
Nd7 13. Rxa4 Nb6 14. Ra2 Nf6 15. Bh6 Rg8 16. Bg5 {1-0 Nataf,I-Kenworthy,G/
Eupen 1997/CBM 62 (33)}) (11. Rxa4 Nd7 $11 {[%cal Gd7c5,Gc5a6,Gc5a4]}) 11...
dxe5 12. Bxb7 {Endlich wird Weiß seinen Läufer f3 los.} Qxb7 13. Rxe5 Nd7 $11 {
Schwarz hat eine bequeme Stellung erreicht. Weiß kann den a4-Bauern
zurückgewinnen, aber seine Bauernmehrheit hat keine Bedeutung. Schwarz bekommt
aktives Spiel am Damenflügel.} 14. Re1 (14. Ra5 a3 $15) 14... Ngf6 (14... a3
15. b3 $11) 15. Nxa4 O-O 16. Qf3 {Es ist für Weiß notwendig, die aktive
schwarze Dame zu tauschen.} Qxf3 17. Nxf3 Rfc8 {[%cal Rc8c2]} 18. c3 {[%csl
Ra4]} Nd5 $15 {[%csl Ra4,Gc8,Gd5] Schwarz hat eine starke Springerstellung auf
d5 und der weiße a4-Springer hat keine Zukunft.} 19. Bg5 Bf8 $5 (19... Bxg5 20.
Nxg5 Rab8 $15) 20. Red1 Rab8 {[%cal Gb8b2,Gc8c3] Das ist eine Hauptidee in der
Sizilianischen Verteidigung. Schwarz hat Druck am Damenflügel.} 21. Kf1 h6 22.
Bc1 g6 {[%cal Gf8g7,Gg7a1] Schwarz möchte den Läufer auf der langen Diagonalen
plazieren, um so den weißen Damenflügel lahnzulegen.} 23. Ke2 Bg7 24. g3 g5 {
In einigen Varianten droht Schwarz Raumgewinn mit ...g5-g4.} 25. h3 Kh7 {
[%cal Gh7g6] Stufenweise verbessert Schwarz seine Stellung. Sein König strebt
nach g6.} 26. Be3 Rc7 (26... Nxe3 $6 {Die Tausch des starkes d5-Springers ist
nicht logisch.} 27. Rxd7 Nc4 28. Rxf7 Nxb2 $13) 27. Bd4 f6 28. b4 Rbc8 {
[%cal Gc8c3]} (28... e5 $2 29. Bxe5 $16 {[%csl Rd5]}) 29. Ra3 Bf8 {[%csl Ra3]
[%cal Gf8a3,Ra6a5]} 30. Rb3 Kg6 {[%csl Gg6]} 31. Rd3 h5 32. Nd2 Rc6 33. Ne4 {
[%csl Yc5]} Rb8 {[%cal Gb8b3]} 34. Nd2 (34. Nac5 $4 Nxc5 35. Nxc5 Bxc5 36. Bxc5
Rxc5 $19 {[%cal Gb8b3]}) 34... Rb7 35. Rb1 Rc8 36. Nb3 Rbc7 37. Nbc5 {
Vielleicht war Weiß in diesem Moment zufrieden, endlich das Feld c5 zu
erreichen. Dadurch kann Schwarz aber im folgenden einen Bauern gewinnen.} (37.
Rbd1 $5) 37... Nxc5 38. Bxc5 Bxc5 39. Nxc5 {[%csl Gc5][%cal Gc5e6,Gc5a6]} a5 $1
{Schwarz macht sich die "aktive" weiße Springerstellung auf c5 zunutze.} 40.
Kd2 (40. Ne4 Rb8 $17 {[%csl Rb4,Rc3]} 41. b5 $2 f5 $19) (40. Nxe6 $4 Nxc3+ $19
{[%cal Rc3e2,Rc3b1]}) 40... Nxc3 {Schwarz gewinnt einen Bauern.} (40... axb4
41. cxb4 Nxb4 42. Rxb4 Rxc5 $15) 41. Rxc3 axb4 42. Rxb4 Rxc5 43. Rxc5 Rxc5 {
Schwarz hat einen Bauern mehr, aber die Verwertung des Materialvorteils ist
sehr schwierig, wenn überhaupt möglich, denn es gibt keinen Freibauern und bei
gutem Spiel kann Weiß die Partie retten.} 44. Ke2 Rc3 {[%cal Gc3a3,Gc3h3]} 45.
Kd2 Ra3 46. Ke2 Ra6 {Schwarz muß sich nicht beeilen. Mit neutralen Wartezügen
demonstriert er sein Übergewicht. Das ist ein gute Taktik, der Gegner kann die
Geduld verlieren.} (46... Kf5) 47. Kf3 Rc6 48. Ra4 Rc3+ 49. Ke2 (49. Kg2) 49...
Rb3 50. Rc4 {Weiß hat nichts anderes, er muß abwarten.} Kf5 51. Ra4 e5 52. Rc4
Rb2+ 53. Ke3 (53. Kf3) 53... Rb3+ 54. Ke2 Rb2+ 55. Ke3 Rb1 {[%csl Rh3][%cal
Rb1h1,Rh1h3]} 56. g4+ {Weiß hat Angst vor 56...Rh1, möchte daher ein
Bauernpaar tauschen.} Kg6 (56... hxg4 $6 57. hxg4+ $11) 57. Kf3 (57. gxh5+ $2
Kxh5 $17) 57... Rb7 (57... Rh1 58. Kg2) 58. Rc6 {[%cal Gc6f6]} h4 {[%csl Rh3]}
59. Ra6 Kf7 60. Rc6 (60. Ke4 Rb4+ 61. Kf3 (61. Kf5 $4 Rf4#)) 60... Rb3+ 61. Kg2
Rd3 62. Rb6 Ke7 {Schwarz muß zuerst ...Rd6 spielen, sonst kann er seinen König
nicht aktivieren.} 63. Ra6 Rd6 64. Ra5 Ke6 65. Rc5 e4 66. Ra5 {[%cal Ga5f5]}
Rc6 67. Rb5 Rc2 {[%cal Re4e3,Gc2g2]} 68. Kg1 Rd2 69. Ra5 Rd5 70. Ra6+ {Schwarz
kann nicht gleichzeitig die fünfte und sechste Reihe verteidigen.} Ke5 (70...
Rd6 71. Ra5) 71. Kg2 Rb5 72. Rc6 Rb2 {[%cal Gb2g2,Re4e3]} 73. Kg1 e3 $5 {
Sonst kommt Schwarz nicht voran.} 74. fxe3 Re2 75. Rc5+ Ke4 76. Rf5 Rxe3 77.
Kg2 $11 (77. Rxf6 $2 Rxh3 $19 {[%cal Rh3g3,Rg3g4,Rg3g1]}) 77... Rg3+ 78. Kh2
Rf3 79. Ra5 Rf2+ {Mit gutem Spiel kann Weiß die Stellung halten, aber der
fanatische Engländer spielt bis zur letzten Möglichkeit.} 80. Kg1 Rd2 81. Rf5 {
[%csl Gf5]} Rd6 82. Kg2 Re6 83. Kg1 Kd3 84. Kg2 Kd2 {Der schwarze König strebt
nach e1, aber Schach ist nicht Rugby und er bekommt hier keinen Punkt, wenn er
die gegnerische Grundreihe erreicht.} 85. Kg1 Ke1 {Der schwarze König erreicht
hier nichts.} 86. Rf1+ Ke2 87. Rf2+ Kd3 88. Rf5 (88. Kg2 $2 Re2 $19) 88... Ke2
89. Rf2+ Ke3 90. Kg2 Ke4 91. Rf5 Rd6 92. Rf2 Rb6 93. Re2+ (93. Rf5 $11) 93...
Kd3 94. Rf2 Rc6 95. Rf5 Ke4 96. Rf2 Rd6 97. Rf5 Rd2+ 98. Kg1 Rd3 99. Kg2 Rg3+
100. Kh2 Rf3 {Das ist Maximum, das Schwarz erreichen kann.} 101. Ra5 f5 {
Ohne diesen Zug kann Schwarz nicht weiterspielen.} 102. gxf5 Rxf5 103. Ra4+ (
103. Rxf5 $4 Kxf5 104. Kg2 Ke4 105. Kf2 Kf4 $22 $19 {Diese Stellung ist nur
mit Schwarz am Zug remis.}) 103... Ke5 104. Kg2 {Die Stellung ist total remis.
Weiß verteidigt sich mit einfachen Zügen. Ich kann nicht verstehen, warum
Sadler noch weiterspielt. In der Großmeisterpraxis kann er ein solches
Endspiel niemals gewinnen.} Rf4 105. Ra5+ Kf6 106. Ra6+ Kf5 107. Ra5+ Kg6 108.
Ra6+ Rf6 109. Ra5 Rc6 110. Rb5 Rc3 111. Ra5 Rc2+ 112. Kg1 (112. Kf3 $2 Rh2 {
[%csl Rh3]} 113. Kg4 Rg2+ 114. Kf3 Rg3+ $19 {[%cal Rg3f3,Rg3h3]}) 112... Kf6
113. Rb5 Re2 114. Ra5 Re5 115. Ra4 Kf5 (115... Re2 116. Ra5 $11) 116. Kg2 Re4
117. Ra8 {[%cal Ga8f8,Gf8f5]} Re2+ 118. Kg1 Kf4 119. Ra5 {[%cal Ga5g5] Schwarz
kann nicht gleichzeitig den g5-Bauern verteidigen, den gegnerische König
abschneiden und seinen König aktivieren.} Re1+ 120. Kf2 Re4 121. Rb5 Rc4 122.
Ra5 Rc2+ 123. Kg1 g4 124. Ra4+ (124. hxg4 $11) 124... Kg3 125. Rxg4+ Kxh3 126.
Rf4 {Jetzt ist die Stellung theoretisch remis. Mit dem Randbauern kann Schwarz
nicht gewinnen.} Kg3 127. Rf1 h3 128. Rd1 Rg2+ 129. Kf1 (129. Kh1 $11) 129...
Rf2+ 130. Kg1 {Es ist schwer vorstellbar, wie Weiß verlieren sollte.} Rf3 (
130... h2+ 131. Kh1 $11) 131. Rd2 Ra3 132. Rd1 Rb3 133. Rc1 Rb2 134. Rd1 Rg2+
135. Kf1 Rc2 (135... Kh2 {[%cal Rg2g1,Rg1d1]} 136. Rd8 $11) 136. Kg1 Rc3 137.
Re1 Rf3 (137... h2+ 138. Kh1 Rf3 139. Re3 $5 $11) 138. Rc1 Rf2 139. Rc3+ Rf3
140. Rxf3+ {Und endlich (!) wurde remis gegeben.} 1/2-1/2

[Event "Swidnica"]
[Site "Swidnica"]
[Date "1999.04.01"]
[Round "9"]
[White "Zezulkin, Jurij"]
[Black "Jaracz, Pawel"]
[Result "0-1"]
[WhiteElo "2473"]
[BlackElo "2439"]
[Annotator "Ribli,Z"]
[PlyCount "56"]
[EventDate "1999.03.??"]
[EventType "tourn"]
[EventRounds "9"]
[EventCountry "POL"]
[EventCategory "10"]
[SourceTitle "CBM 071"]
[Source "ChessBase"]
[SourceDate "1999.08.01"]
[SourceVersion "1"]
[SourceVersionDate "1999.08.01"]
[SourceQuality "1"]

{[%mdl 8256]} 1. e4 c5 2. Nf3 e6 3. d4 cxd4 4. Nxd4 a6 5. Nc3 Qc7 6. Be2 {
Dieser Zug ist natürlich spielbar, aber die kritische Fortsetzung ist
eindeutig 6.Bd3. Ribli.} b5 {Eine aggressive Fortsetzung. Eine ebenfalls gute
Alternative für Schwarz ist 6...Nf6 7.0-0 Bb4. Mit dem Partiezug folgt Schwarz
einer Grundidee des Paulsen-Systems, der frühzeitigen Entwicklung des
Damenflügels. Der Königsflügel entwickelt sich dann in Abhängigkeit vom weißen
Spiel.} 7. O-O Bb7 8. Re1 (8. Bf3 {Dieser Zug wirkt auf mich unnatürlich.} Nc6
9. Nxc6 dxc6 10. Qe2 e5) 8... Nc6 (8... b4 9. Nd5 $1 $44 {Ein typisches
Springeropfer. Nach 9...exd5 10.exd5 erhält Weiß dauerhafte Kompensation für
die Figur.}) 9. Nxc6 dxc6 10. e5 {Weiß gewinnt Raum und verhindert die
Springerentwicklung nach f6. Die Bauernstellung ist symmetrisch und Schwarz
hat keine besonderen Entwicklungsprobleme.} (10. a4) 10... Rd8 (10... c5 $6 11.
Bf3 Ne7 12. Bxb7 Qxb7 13. a4 Rd8 14. Qh5 (14. Qg4 Nf5 15. axb5 axb5 16. Bg5 Rd4
17. Qe2 h6 18. Qxb5+ Qxb5 19. Nxb5 hxg5 20. Nxd4 Nxd4 21. Ra8+ Kd7 22. c3 Nc6
23. b4 $36 {Lukin,A-Ionov,S/St.Petersburg op/1994/EXP43/}) 14... Nf5 15. axb5
axb5 16. Bg5 Be7 17. Bxe7 Qxe7 18. Nxb5 O-O 19. Na3 Rd4 20. c3 Ra4 21. Qe2 Qg5
22. Nc4 $16 {Khalifman,A-Eingorn,V/Leningrad/1990/CBM21/}) (10... Ne7) 11. Bd3
Ne7 {Schwarz kann mit ...Ng6 nebst ...Bb4 oder ...Be7 die Entwicklung des
Königsflügels beenden. Später kommt er mit ...c6-c5.} (11... c5 $5 {[%cal
Rc5c4,Gd8d1] Dieser aggressive Bauernzug kommt auch in Betracht.} 12. Bg5 (12.
Qh5 $5) 12... Be7 13. Qh5 Bxg5 14. Qxg5 Ne7 15. a4 h6 16. Qg4 b4 17. Nd1 Rd4 {
0-1 Zelcic,R-Eingorn,V/Metz 1998/EXT 99 (31)}) 12. Bf4 $13 (12. Qh5 c5 13. Bg5
g6 (13... Rd7 14. Rad1 Nc6 15. Be4 Nd4 16. Bxb7 Qxb7 17. Rd2 h6 18. Ne4 Nf5 19.
Rxd7 {1/2-1/2 Kuczynski,R-Lau,R/Polanica Zdroj 1991/CBM 26/[Blatny,P] (24)})
14. Qh4 Rd4 15. Ne4 Bxe4 16. Bxe4 Nf5 17. Qh3 Be7 18. Bxe7 Qxe7 19. c3 Rd2 20.
Bxf5 gxf5 21. Qh6 Qd7 22. a4 bxa4 23. Rxa4 Rg8 24. Rxa6 Qb7 25. g3 Rxb2 26.
Rxe6+ fxe6 27. Qxe6+ Kf8 28. Rd1 Qe7 29. Qxf5+ Ke8 30. Qc8+ Kf7 31. Qf5+ Ke8 {
1/2-1/2 Moreno,J-Kazhgaleyev,M/Ubeda 1999/CBM 68 ext (31)}) (12. Bg5 $5 h6 13.
Qh5 Rd7 (13... Rd4 14. Be3 Rd7 15. Bc5 Nc8 16. b4 Nb6 17. Ne4 Nd5 18. Nd6+ Bxd6
19. exd6 Qb8 20. Rxe6+ Kf8 21. Ree1 {1-0 Kuczynski,R-Protaziuk,G/Polish Teams,
Lubniewice POL 1998 (28)}) 14. a4 b4 15. Ne4 Ng6 16. Nd6+ Bxd6 17. exd6 Rxd6
18. Bxg6 fxg6 19. Qh4 {1/2-1/2 Kamsky,G-Lutz,C/Dortmund 1993/CBM 35 (35)})
12... Ng6 13. Bg3 Bb4 {[%cal Gb4e1]} (13... c5 14. Qh5 Be7 $11) (13... Be7 $5)
14. Ne4 $2 {Weiß opfert die Qualität, um gegen das schwache Feld d6 spielen zu
können. Ohne Komplikationen kann Schwarz aber eine vorteilhafte Stellung
erreichen.} (14. a4 O-O $11) 14... Bxe1 15. Nd6+ (15. Qxe1 Nxe5 16. Qc3 f6 $17)
15... Rxd6 $1 {Einfach und gut gespielt! Schwarz gibt das Material sofort
zurück und bekommt freies Spiel.} (15... Ke7 16. Qxe1 c5 $13) 16. exd6 {[#]}
Bxf2+ $1 {Dieser Zwischenzug hat Weiß offenbar überrascht.} 17. Kxf2 (17. Bxf2
$2 Qxd6 $19) 17... Qb6+ 18. Kf1 O-O $15 {Schwarz hat einen Bauern mehr und
eine feste Stellung. Der Bauer d6 scheint der Stolz der weißen Stellung zu
sein, aber in Wirklichkeit kann Schwarz in gut belagern.} 19. Be4 $6 (19. Qe2
c5 20. c4 $15) 19... c5 20. Bxg6 (20. Bxb7 Qxb7 $15 {Und Schwarz blockiert den
Bauern d6 mit ...Nf8-d7.}) 20... hxg6 {[%csl Gb7][%cal Gb7g2] Wri haben eine
Stellung mit ungleichfarbigen Läufern errecht. Der Unterschied ist
offensichtlich. Der schwarze Läufer steht aktiv in der langen Diagonalen,
während der weiße Läufer den Bauern d6 verteidigen muß.} 21. Qd2 Bd5 {[%csl
Gd5]} 22. a3 (22. b3 c4 $15 (22... b4 $6 23. c4 bxc3 24. Qxc3 $15)) 22... f6 {
Es droht noch nichts konkretes, aber Schwarz wird mit ...e6-e5 die
Beweglichkeit des weißen Läufers einschränken können.} 23. Re1 Rd8 24. Rd1 Kf7
$17 {[%csl Gf7] Weiß kann nur abwarten, während Schwarz viele Möglichkeiten
hat. Er kann z.B. ...Ba8 spielen und dann mit ...e5 nebst ...Ke6 den d-Bauern
erobern.} 25. h3 (25. Kg1 Rd7 $15) 25... Rd7 26. Qf4 $2 {Das gibt Schwarz ein
wichtiges Tempo.} (26. Qf2 $17) 26... e5 27. Qf2 (27. Qd2 Rxd6 $19) 27... Rxd6
$19 {Schwarz hat zwei gesunde Bauern mehr.} 28. Bxe5 $2 {[%cal Gf2f7] Weiß
hofft, einen Bauern zurückgewonnen zu haben.} (28. Kg1 Bb7 29. Rxd6 Qxd6 $19 {
Der schwarze Gewinn ist nur eine Frage der Zeit.}) 28... Bxg2+ $1 {[%cal Rg2f1,
Rd6d1] Weiß gab auf.} 0-1

[Event "ROM-ch"]
[Site "Targoviste"]
[Date "2001.12.07"]
[Round "13"]
[White "Lupulescu, Constantin"]
[Black "Manolache, Marius"]
[Result "0-1"]
[WhiteElo "2467"]
[BlackElo "2394"]
[Annotator "Ribli,Z"]
[PlyCount "80"]
[EventDate "2001.11.23"]
[EventType "tourn"]
[EventRounds "15"]
[EventCountry "ROU"]
[EventCategory "9"]
[SourceTitle "CBM 087"]
[Source "ChessBase"]
[SourceDate "2002.03.21"]
[SourceVersion "1"]
[SourceVersionDate "2002.03.21"]
[SourceQuality "1"]

1. e4 c5 2. Nf3 e6 3. Nc3 a6 4. d4 cxd4 5. Nxd4 Qc7 6. g3 {Gewöhnlich führen
Systeme mit g3 zu ruhigem Spiel - das gilt auch für die Sizilianische
Verteidigung.} Bb4 {Das ist eine recht spezielle Variante. Schwarz kann in
dieser Weise fortsetzen, weil der schwarze Springer noch nicht auf c6 steht
und momentan der weiße Nc3 hängt.} (6... Nc6) 7. Bd2 (7. Nde2) 7... Nc6 (7...
Nf6) 8. Nxc6 dxc6 9. Bg2 {Dieser natürliche Entwicklungszug verschafft Weiß
keinen Eröffnungsvorteil. Die Abwesenheit des schwarzfeldrigen Läufers vom
schwarzen Königsflügel kann Weiß nur durch 9.Qg4 ausnutzen.} (9. Qg4 Bf8 10. f4
e5 11. f5 (11. Qf3 Nf6 12. h3 Bc5 13. O-O-O O-O 14. g4 (14. f5 $5) 14... exf4
15. Bxf4 Qa5 16. e5 Nd5 17. Nxd5 cxd5 18. Kb1 Be6 19. Bd3 $13 {Alexsandrija -
Levitina, Masakava 1975}) 11... h5 (11... Nf6 12. Qf3 b5 13. g4 h6 14. h4 Bb7
15. Rh3 $8 O-O-O 16. g5 Nd7 17. O-O-O Kb8 18. Ne2 c5 $1 19. f6 gxf6 20. gxh6
$13 {Barlov - Kovacevic, Tarcy 1991}) 12. Qf3 b5 $5 13. h3 Nf6 14. Bg2 Bb7 15.
g4 b4 16. Nd1 c5 {0-1 Gipslis,A-Poluljahov,A/Rowy 1999/CBM 73/[Gipslis] (39)})
9... e5 {Die Bauern sind symmetrisch verteilt, und die Diagonale des Bg2 ist
geschlossen. Schwarz hat daher bequemes Spiel.} 10. f4 $6 (10. O-O Be7 11. Be3
Nf6 12. Na4 Nd7 13. Bh3 Nc5 14. Bxc5 Bxh3 15. Bb6 Qc8 16. Re1 O-O 17. Qd3 Qe6
18. Nc5 Bxc5 19. Bxc5 Rfd8 20. Qc3 Rd7 {1/2-1/2 Popovic,P-Kudrin,S/Titograd
1984/MCD (29)}) 10... Nf6 (10... exf4 $5 11. Bxf4 (11. gxf4 Nf6 $15) 11... Qe7
12. Qd4 Nf6 13. O-O-O Be6 $11) 11. f5 b5 {Das ist ein für solche Stellungen
typisches Motiv - wegen des Pf5 hat der Bc8 keine Perspektive auf der
Diagonale c8-h3, daher muss er nach b7 entwickelt werden.} 12. g4 h6 13. Qe2 (
13. h4) 13... Bb7 14. h4 O-O-O $11 {Weiß hat zwar Raumvorteil am Königsflügel,
aber der schwarze König befindet sich am gegenüberliegenden Flügel in
Sicherheit.} 15. O-O-O Nd7 {[%cal Gd7b6,Gb6c4][%mdl 32] Schwarz bereitet das
Mannöver Nb6-Nc4 vor.} 16. g5 Nb6 {[%csl Yc4][%cal Gb6c4]} 17. gxh6 $6 {
Meines Erachtens sollte Weiß statt dessen die Spannung aufrecht erhalten.} (17.
b3 $2 Ba3+ 18. Kb1 b4 19. Na4 Nxa4 20. bxa4 Qa5 $17) (17. Nb1 $142) 17... gxh6
18. Nb1 Bxd2+ 19. Nxd2 c5 {[%csl Gb7][%cal Gb7h1] Schwarz öffnet die Diagonale
des Bb7 und übernimmt Schritt für Schritt die Initiative.} 20. Rh3 $6 (20. Nf3
$5) 20... Rhg8 $15 {[%cal Gg8g2] Das ist die Konsequenz des 17. Zuges von Weiß
(17.gxh6?!). Schwarz kontrolliert jetzt die g-Linie.} 21. Bh1 c4 22. Qe3 {
[%cal Re3h6]} Rd6 {[%cal Gg8d8]} 23. Nf1 (23. Rg3 Rgd8 $15) 23... Rxd1+ 24.
Kxd1 Qd6+ 25. Kc1 Na4 $1 {[%csl Ga4][%cal Gg8g1][%mdl 2048] Der Springer steht
ausgezeichnet auf b4 - es droht 26...Qb4 oder 26...c3.} 26. c3 (26. Qe1 c3 $17)
26... Nc5 {[%csl Yd3][%cal Gc5d3,Gd3c1] Schwarz kontrolliert das Schlüsselfeld
d3 und steht strategisch ausgezeichnet. Die weißen Figuren (insbesondere der
Bh1 und der Nf1) stehen passiv.} 27. Bf3 Rd8 28. Nd2 $2 (28. Ng3 Nd3+ 29. Kb1
Nf4 $17) 28... Nd3+ 29. Kc2 Nxb2 $17 {Damit gewinnt Schwarz einen Bauern.} 30.
Nb1 (30. Kxb2 Qxd2+ 31. Qxd2 Rxd2+ 32. Kb1 Rd3 $19) 30... Nd3 (30... Qd3+ 31.
Qxd3 Nxd3 $17) 31. Rg3 b4 32. Rg7 (32. cxb4 Qxb4 $19) 32... bxc3 33. a3 (33.
Nxc3 Qa3 $19) 33... Qd4 34. Qg1 (34. Qxd4 exd4 $19 {[%csl Gc3,Gc4,Gd4]}) 34...
Nf2 $19 {Der weiße König steht katastrophal schlecht - die schwarze Stellung
ist jetzt klar gewonnen.} 35. Rg8 (35. Nxc3 Qd3+ 36. Kb2 Qxf3 $19) 35... Qd3+
36. Kc1 Qxf3 {Schwarz hat schon eine Figur und einen Bauern mehr.} (36... Qe3+
37. Kc2 Bxe4+ 38. Bxe4 Qxe4+ 39. Kxc3 Nd1+ 40. Qxd1 Rxg8 $19) 37. Rxd8+ Kxd8
38. Qg8+ Kc7 39. Qxf7+ Kb6 40. Qe6+ Ka7 0-1